蠱惑

資料類型: Book 圖書   書目號:48951

Leader xxxxxxxxxx
001 __ PCLIS00048951
005 __ 20220323160540.0
010 0_ |a957-39-0054-8|b平裝|dNT$100
100 __ |a20061227d2003    m  y0chiy09      e
101 0_ |achi
102 __ |atw
105 __ |ay   z   000ay
200 1_ |a蠱惑|f倪匡著
205 __ |a九版
210 __ |a臺北市|c遠景|d1992[民81]
215 0_ |a[1], 198面, 圖版[2]面|d19公分
225 1_ |a倪匡科幻小說集|v5
327 1_ |a蠱惑--再來一次
681 __ |a857.83|b875
681 __ |a857.7|b8750 2003 v5
700 _1 |a|b|f1935-|4|3NO000211426
801 _0 |atw|b內湖高中|c20151110|gCCR
801 _2 |atw|b內湖高中|c20220323|gCCR
詳細館藏(共 1 筆)
索 書 號登 錄 號冊次號館別 / 館藏地流通類型狀態加入預約清單電子資源
857.7 / 8750 2020022 v5 圖書館 / 一樓普通區 可外借30天 在館   

| 條列資料




目錄查詢 分類查詢 個人資料 圖書薦購 新書查詢 閉館日 排行榜 更多電子資源 Hami書城 線上資料庫 登出

From : 216.73.217.52

  本日流通累計至 21:56:48 借閱 : 0 次 續借 : 0 次 歸還 : 0 次 預約 : 0 次 電子資源 : 0 次


內湖高中圖書館  PCLIS 版本  26.5.0.12